Sudden Death: Inno di Mameli - Statistics

Statistiche generali
  • Questo quiz è stato fatto 171 volte
  • Il punteggio medio è 11 su 16
Answers on the Grid
Answers color-coded by a green-red scale on the quiz's grid according to % correct below.
alla
chiamati
chiamò
chioma
cima
coorte
creò
desta
forte
Garibaldi
dov'è
guerra
fratelli
Mameli
sorga
Iddio
sopra
Italia
Scipio
patriota
porga
destino
sorelle
Roma
elmo
scudo
siam
testa
Scipione
inno
sorte
suonò
 
Statistiche sulle risposte
Risposta % Corretto
chiamò
84%
fratelli
83%
chioma
81%
desta
78%
coorte
72%
Italia
72%
dov'è
71%
Scipio
71%
creò
69%
elmo
69%
porga
66%
Roma
64%
alla
61%
testa
61%
Iddio
58%
siam
58%
Nessun quiz corrispondente trovato
Distribuzione punteggi
Percentuale di utenti per punteggio
Percentile per numero di risposta
I tuoi punteggi nel tempo
Non hai fatto questo quiz